[Event "Istanbul op-B"]
[Site "Istanbul"]
[Date "2018.09.03"]
[Round "3"]
[White "Suer, Halil Cenk"]
[Black "Kavacik, Ahmet"]
[Result "0-1"]
[WhiteElo "1608"]
[BlackElo "1800"]
[PlyCount "71"]
[EventDate "2018.09.02"]
[EventType "swiss"]
[EventRounds "9"]
[EventCountry "TUR"]
[SourceTitle "CBM 186 Extra"]
[Source "ChessBase"]
[SourceDate "2018.08.24"]
[SourceVersion "1"]
[SourceVersionDate "2018.08.24"]
[SourceQuality "1"]

1. e4 c5 2. c4 Nc6 3. Nc3 g6 4. g3 Bg7 5. Bg2 d6 6. d3 Nf6 7. Nge2 Bg4 8. f3 Be6 9. 0-0 Qd7 10. Nf4 Nh5 11. Nxe6 fxe6 12. Be3 e5 13. Nd5 0-0 14. Qd2 Nd4 15. Bxd4 exd4 16. Qg5 Rae8 17. g4 Bf6 18. Nxf6+ Nxf6 19. h4 e5 20. h5 Qg7 21. h6 Qe7 22. f4 exf4 23. Rxf4 Qe5 24. Rf5 Qe7 25. Raf1 Nd7 26. Rxf8+ Nxf8 27. Qd5+ Ne6 28. g5 Qxg5 29. Qxb7 Qe3+ 30. Kh2 Qxh6+ 31. Bh3 Ng5 32. Qd7 Qxh3+ 33. Qxh3 Nxh3 34. Kxh3 Rf8 35. Rxf8+ Kxf8 36. b4 0-1